000 00615nam a2200229 i 4500
001 35630
003 ES-MaACL
005 20230906155154.0
007 t|
008 030213s1984 fr ||||1| fre d
020 _a2-7073-0298-8
100 1 _aBodieu, Pierre.
_929705
245 1 3 _aLe sens pratique /
_cPierre Boudieu.
260 _aParĂ­s :
_bLes Editions de Minuit,
_c1984.
300 _a475 p. ;
_c22 cm.
490 1 _aLe sens commun
500 _aIndice.
504 _aBibliografĂ­a : p. 463-467.
830 0 _aLe sens commun
_9177400
852 _aES-MaACL
_jL-11022
_bR.112680
999 _c35630
_d35630